|
|
|
|
| LEADER |
00000nam0a2200000 4500 |
| 001 |
356357 |
| 005 |
20231102010903.0 |
| 035 |
|
|
|a (RuTPU)RU\TPU\retro\13617
|
| 090 |
|
|
|a 356357
|
| 100 |
|
|
|a 20200720d1946 km y0rusy50 ca
|
| 101 |
0 |
|
|a rus
|
| 102 |
|
|
|a RU
|
| 105 |
|
|
|a y z 001zy
|
| 200 |
1 |
|
|a Изменения в экономике сырья и топлива во Второй Мировой Войне
|f А. Ю. Шпирт
|g Институт Мирового хозяйства и мировой политики АН СССР
|
| 210 |
|
|
|a Москва
|c Издательство Академии наук СССР
|d 1946
|
| 215 |
|
|
|a 320 с.
|
| 320 |
|
|
|a Приложения с. 269-319
|
| 606 |
1 |
|
|a Мировая экономика
|x Промышленность
|2 stltpush
|3 (RuTPU)RU\TPU\subj\71461
|9 85361
|
| 606 |
1 |
|
|a Экономическая история
|2 stltpush
|3 (RuTPU)RU\TPU\subj\26578
|9 50473
|
| 610 |
1 |
|
|a минеральное сырье
|
| 610 |
1 |
|
|a топливо
|
| 610 |
1 |
|
|a мировые запасы
|
| 610 |
1 |
|
|a Вторая мировая война 1939-1945
|
| 610 |
1 |
|
|a сырьевые запасы
|
| 610 |
1 |
|
|a страны мира
|
| 610 |
1 |
|
|a географическое размещение
|
| 610 |
1 |
|
|a сдвиги
|
| 610 |
1 |
|
|a внутренние ресурсы
|
| 610 |
1 |
|
|a мобилизация
|
| 610 |
1 |
|
|a потребление
|
| 610 |
1 |
|
|a концентрация
|
| 610 |
1 |
|
|a производство
|
| 686 |
|
|
|a У530
|v LBC/SL-A
|2 rubbk
|
| 686 |
|
|
|a У03
|v LBC/SL-A
|2 rubbk
|
| 700 |
|
1 |
|a Шпирт
|b А. Ю.
|
| 712 |
0 |
2 |
|a Академия наук СССР
|b Институт мирового хозяйства и мировой политики
|c (Москва)
|c (1936-1947)
|2 stltpush
|3 (RuTPU)RU\TPU\col\27557
|9 28730
|
| 801 |
|
1 |
|a RU
|b 63413507
|c 20200720
|
| 801 |
|
2 |
|a RU
|b 63413507
|c 20200810
|g RCR
|
| 942 |
|
|
|c BK
|